000 01072nam a2200277 i 4500
001 bg
003 KOSZ 005
005 20191122083041.0
008 071204s1967 pl a f 100 0 pol
015 _aPB 1967/3617
040 _aWA N
_cKOSZ 005/RW
_dKOSZ 005/RW
080 _a624.131
080 _a(06)
100 1 _aKisiel, Igor
_d(1910-1988)
_eAutor
245 1 0 _aZastosowanie modelu reologicznego ciała M/V w mechanice gruntów /
_cIgor Kisiel ; Polska Akademia Nauk. Ośrodek Kształcenia i Doskonalenia Kadr Naukowych.
260 _aWrocław :
_bZakład Narodowy im. Ossolińskich Wydawnictwo PAN,
_c1967.
300 _a80, [6] s. :
_bil. ;
_c23 cm.
380 _aKsiążka
504 _aBibliogr. s. 79-80.
521 8 _aDla uczestników konferencji szkol.
650 4 _aMechanika gruntów
655 4 _aMateriały konferencyjne
710 2 _aZakład Narodowy im. Ossolińskich
_bWydawnictwo
_4pbl.
856 _uhttp://koha.tu.koszalin.pl/cgi-bin/koha/opac-detail.pl?biblionumber=11178
_yKatalog online BPK
942 _2UKD
_cKS
999 _c11178
_d11178